000 00608nam a2200241 a 4500
001 nice12345678
003 IN_TiNIC
005 20260116012501.0
008 050524s0000 teha grp 000 0 per
020 _a
_c100
082 0 0 _a892.71
_bNIM
100 _aNimatullahi, Safili Shah
245 _aZabdatul Asrar
260 _aTehran
_bIslamic Propagagion Organisation
_c0000
300 _a260p
500 _aincludes index and biblioraphy
505 2 _aBibliography
650 _aArabic-Poetry Religious
700 1 _aNimatullahi, Safili Shah
902 _bSRS
942 _cBK
999 _c7182
_d7182